Представление документа в формате RUSMARC

ПолеНазваниеЗначение
  Тип записи a
  Библиографический уровень m
001 Контрольный номер RuMoRGB-008489261
005 Дата корректировки 20180510182230.1
010 Индекс ISBN __
a ISBN 978-5-699-88268-7
d Цена 246-15
021 № государственной регистрации __
b № документа 16-39839
100 Данные общей обработки __
a Данные общей обработки 19160517d20 |||y1rusy0189 ca
101 Язык документа __
a Язык текста rus
102 Страна публикации __
a Страна публикации ru
102 Страна публикации __
a Страна публикации ru
a Страна публикации ru
105 Кодированные данные (монография) __
a Кодированные данные (монография) y zzzz|||zy
200 Заглавие и сведения об ответственности __
a Заглавие Самостоятельный ребёнок, или Как стать "ленивой мамой"
e Сведения, относящиеся к заглавию [метод, который реально работает]
f Первые сведения об ответственности Анна Быкова
210 Выходные данные __
a Место издания Москва
c Издательство Э
d Дата издания 2016
215 Физическое описание __
a Объем 264, [4] с.
c Иллюстрации/тип воспроизводства ил.
225 Серия (Журнальная рубрика) __
a Серия (Журнальная рубрика) #Ленивая мама
330 Аннотация __
a Аннотация Рассказывается как научить ребёнка быть самостоятельным: засыпать в своей кроватке, убирать игрушки и одеваться. Когда стоит помочь ребёнку, а когда лучше от этого воздержаться, чем опасна гиперопека и как этого избежать, что такое воспитание в стиле коучинг.
333 Примечание о целевом назначении __
a Примечание о целевом назначении 16+
606 Тематические рубрики __
a Основная рубрика Психология
606 Тематические рубрики __
a Основная рубрика Психология детского возраста (детская психология)
606 Тематические рубрики __
a Основная рубрика Семейное воспитание и образование
606 Тематические рубрики __
a Основная рубрика Образование. Педагогика
610 Ключевые слова __
a Ключевые слова воспитание детей
a Ключевые слова детская психология
a Ключевые слова ответственность (психол.)
a Ключевые слова психология детская
a Ключевые слова ребёнок самостоятельный
a Ключевые слова самостоятельность (психол.)
a Ключевые слова самостоятельный ребёнок
686 Индексы других классификаций __
a Индекс ББК 88.41
686 Индексы других классификаций __
a Индекс ББК 74.9
700 Автор _1
a Фамилия Быкова
b Имя А. А.
c Титул (звания) психолог
g Полное личное имя Анна Александровна
801 Источник записи _0
a Страна ru
b Организация РГБ
c Дата составления 20160517
g Правила каталогизации RCR
801 Источник записи _1
a Страна ru
b Организация РГБ
c Дата составления 20160517
801 Источник записи _2
a Страна ru
b Организация Центральная районная библиотека им. Г. А. Пирожникова
c Дата составления 20160517
852 Данные о местонахождении __
j Шифр хранения 88.41
i Авторский знак Б 95
b Сигла хранения ООЧ; 8; 18; 26; 29
901 Тип документа __
t Тип документа m
902 Роль лиц __
a Создатель БЗ ОКиО/Шумских
990 Данные о заказе (DOS) __
j Количество экземпляров (DOS) 5
h N записи в КСУ для Б/У (DOS) 2016-17